| 000 | 00358nam a2200145Ia 4500 | ||
|---|---|---|---|
| 008 | 190215s9999||||xx |||||||||||||| ||und|| | ||
| 020 | _a9971513056 | ||
| 082 |
_a384 _bHAY/C |
||
| 100 | _aHaykin, Siman | ||
| 245 | 0 | _aCommunication Systems | |
| 250 | _a1st Edition | ||
| 260 |
_aSingapore _bJohn Wiley & Sons Pvt. Ltd. _c2002 |
||
| 300 | _a816p. | ||
| 942 | _cBK | ||
| 999 |
_c3685 _d3685 |
||